Introducción a la poesía

Guardat en:
Dades bibliogràfiques
Autor principal: Fernández Moreno, César (Autor)
Format: Llibre
Idioma:espanyol
Publicat: Ciudad de México Fondo de Cultura Económica 1962
Col·lecció:Colección Popular, 30
Matèries:
Etiquetes: Afegir etiqueta
Sense etiquetes, Sigues el primer a etiquetar aquest registre!

MARC

LEADER 00000nam a2200000 a 4500
001 UCX6187
003 CL-VaPUC
008 930429e19620000MX |||||||||||||||||spa|d
082 0 4 |a 809.1  |b FER  |2 21 
100 |a Fernández Moreno, César  |e author  |9 420340 
245 1 0 |a Introducción a la poesía 
300 |a 143 p 
942 |c BK 
945 |d 19930429 00:00:00 
260 |a Ciudad de México  |b Fondo de Cultura Económica  |c 1962 
650 0 |a Poesía   |9 265825 
650 0 |a Historia y crítica   |9 257407 
583 |a last modification  |c 19930429 00:00:00  |k Rodrigo Vera 
490 0 |a Colección Popular, 30 
999 |c 226258  |d 226256 
952 |0 0  |1 0  |4 0  |6 809_100000000000000_FER_1962  |7 0  |8 A  |9 224491  |a BIBEDU  |b BIBEDU  |d 2019-11-15  |i 2932423  |o 809.1 FER 1962  |p 2932423  |r 2019-11-15  |w 2019-11-15  |y BK  |k LIT